Les meilleurs buteurs de l'histoire de l'Ajax Amsterdam - Statistiques

Statistiques générales
  • Ce quiz a été pris 20 fois
  • Le résultat moyen est 3 sur 10
Statistiques - réponses
Buts Nationalité Joueur % Correct
236 Pays-Bas Johan Cruyff
94%
111 Uruguay Luis Suárez
82%
152 Pays-Bas Marco van Basten
53%
133 Finlande Jari Litmanen
47%
159 Pays-Bas Klaas-Jan Huntelaar
41%
122 Pays-Bas Dennis Bergkamp
18%
153 Pays-Bas Ruud Geels
6%
115 Pays-Bas Henk Groot
0%
125 Pays-Bas Piet Keizer
0%
164 Pays-Bas Sjaak Swart
0%
Aucun quiz correspondant
Distribution des résultats
% des personnes avec chaque résultat
Percentile par nombre de réponses
Votre historique - résultats
Vous n’avez pas pris ce quiz